000 00279nam a22001217a 4500
008 170922b xxu||||| |||| 00| 0 eng d
041 _aeng
080 _a902
100 _a45
101 _aARK
245 _aAN INTRODUCTION MODERN ARCHEOLOGY
_cWOODAL.J.N
942 _2udc
_cBK
999 _c28950
_d28950